| 000 | 00554nam a2200193 i 4500 | ||
|---|---|---|---|
| 001 | bg | ||
| 100 | 1 | _aGESTER, Joh[ann] | |
| 245 | 0 |
_aStarkstromleitungen, Leitungsnetze und deren Berechnung / _cJoh[ann] Gester, Herbert Lorenz. |
|
| 250 | _a6 unveränd. Aufl. | ||
| 260 |
_aBerlin : _bVerl. Technik, _c[1968]. |
||
| 300 |
_as. 359 : _btab., tabl., rys. |
||
| 504 | _a[Zawiera bibliogr. s. 355]. | ||
| 700 | 1 | _aLORENZ, Herbert | |
| 040 | _cBPK | ||
| 041 | _apol | ||
| 080 | _a621.315.1 | ||
| 942 | _cKS | ||
| 008 | s pl f |000 0 pol | ||
| 999 |
_c15486 _d15486 |
||
| 856 |
_uhttp://koha.tu.koszalin.pl/cgi-bin/koha/opac-detail.pl?biblionumber=15486 _yKatalog online BPK |
||